banner-ar

تاريخ دمشق فى عهد السلطان العثمانى عبدالحميد / (Record no. 61679)

MARC details
000 -الفاتح
حقل البيانات ثابتة الطول 01163nam a22003017a 4500
005 - وقت وتاريخ اخر تعامل مع التسجيلة
رقم الضبط 20240530110511.0
008 - عناصر البيانات ثابتة الطول - معلومات عامة
حقل البيانات ثابتة الطول 151125s2012 su a g b 000 0 ara d
040 ## - مصدر الفهرسة
وكالة الفهرسة الأصلية EG-CaGPL
082 04 - رقم تصنيف ديوى العشرى
رقم الطبعة 21
رقم التصنيف 956.501\
رقم المادة س ت
100 0# - المدخل الرئيسى - إسم شخصى
الإسم الشخصى سهام محمد هنداوى .
245 10 - بيان العنوان
العنوان تاريخ دمشق فى عهد السلطان العثمانى عبدالحميد /
بيان المسئوليه,etc تاليف سهام محمد هنداوى .
250 ## - بيان الطبعة
بيان الطبعة ط1.
260 ## - PUBLICATION, DISTRIBUTION, ETC. (IMPRINT)
تاريخ النشر أو التوزيع 2012 .
300 ## - الوصف المادى
التعداد 240 ص ؛
أبعاد الوعاء 24 سم .
504 ## - تبصرة ببليوجرافية
تبصرة ببليوجرافية,الخ ييليوجرافية : ص 225 : 236
650 04 - المدخل الاضافى بالموضوع-مصطلح موضوعى
مصطلح موضوعي فتح دمشق .
650 04 - المدخل الاضافى بالموضوع-مصطلح موضوعى
مصطلح موضوعي الدستور
التقسيم الفرعي الجغرافي دمشق .
650 04 - المدخل الاضافى بالموضوع-مصطلح موضوعى
مصطلح موضوعي معاهدة سان استفانو .
650 04 - المدخل الاضافى بالموضوع-مصطلح موضوعى
مصطلح موضوعي الحرب الروسية العثمانية .
650 04 - المدخل الاضافى بالموضوع-مصطلح موضوعى
مصطلح موضوعي المسيحيون
التقسيم الفرعي الجغرافي دمشق .
651 04 - المدخل الاضافى بالموضوع - اسم جغرافى
الاسم الجغرافي دمشق .
651 04 - المدخل الاضافى بالموضوع - اسم جغرافى
الاسم الجغرافي دمشق
التقسيم الفرعي العام الاحوال الدينية .
651 04 - المدخل الاضافى بالموضوع - اسم جغرافى
الاسم الجغرافي دمشق
التقسيم الفرعي العام تاريخ .
651 04 - المدخل الاضافى بالموضوع - اسم جغرافى
الاسم الجغرافي دمشق
التقسيم الفرعي العام الاحوال السياسية .
651 04 - المدخل الاضافى بالموضوع - اسم جغرافى
الاسم الجغرافي دمشق
التقسيم الفرعي العام تاريخ
التقسيم الفرعي الزمني عهد السلطان عبدالحميد .
942 ## - عناصر المدخل الإضافي( كوها)
مصدر التصنيف او مخطط الترفيف Dewey Decimal Classification
Koha [default] item type كتاب
260 ## - PUBLICATION, DISTRIBUTION, ETC. (IMPRINT)
-- دمشق :
-- دار و مؤسسة رسلان ،
Holdings
حالة التراجع حالة الفقد حالة تلف ليس للاعارة المكان المؤقت الموقع الحالى تاريخ الاكتساب اجمالي اﻻعارات رقم الطلب الباركود تاريخ اخر مشاهدة تاريخ تفعيل السعر نوع وعاء كوها
        مكتبة القاهرة الكبرى مكتبة القاهرة الكبرى 11/25/2015   956.501\ س ت 161026 11/25/2015 11/25/2015 كتاب

Powered By

EGPV